| 000 | 01206cam a22002531i 4500 | ||
|---|---|---|---|
| 003 | SA-RiAUC | ||
| 005 | 20250913063945.0 | ||
| 008 | 250911s1979 ua g 000 0 ara c | ||
| 040 |
_aSA-EnSBSSC _bara _cSA-RiAUC _erda |
||
| 082 | 0 | 4 |
_a258.2 _qSA-RiAUC |
| 090 |
_a258.2 _bا ب ن ع |
||
| 100 | 1 |
_aابن عبد البر، يوسف بن عبد الله بن محمد، _d368-463 هجري _eمؤلف. |
|
| 245 | 1 | 0 |
_aكتاب الكافي في فقه أهل المدينة المالكي / _cتأليف أبي عمر بن عبد البر النمري القرطبي ؛ تحقيق محمد محمد أحمد ولد ماديك الموريتاني. |
| 246 | 3 | 0 | _aالكافي في فقه أهل المدينة المالكي |
| 264 | 1 |
_aالقاهرة : _bمحمد محمد أحمد ولد ماديك الموريتاني، _c1979. |
|
| 300 |
_a2 مجلد ؛ _c24 سم |
||
| 336 |
_aنص _btxt _2rdacontent _3كتاب |
||
| 337 |
_aبدون وسيط _bn _2rdamedia |
||
| 338 |
_aمجلد _bnc _2rdacarrier |
||
| 650 | 7 |
_aالفقه المالكي _2aucsh |
|
| 700 | 1 |
_aولد ماديك، محمد بن محمد أحيد _eمحقق. |
|
| 942 |
_2ddc _cBOOK _n0 |
||
| 949 |
_aSA-JeALM _d250911 _umohamedma123 _n1 |
||
| 999 |
_c11674 _d11674 |
||